[Event "EU-chT Seniors"]
[Site "Rogaska Slatina"]
[Date "2012.03.31"]
[Round "5.5"]
[White "Jongsma, Alexander"]
[Black "Tatai, Stefano"]
[Result "0-1"]
[WhiteElo "2193"]
[BlackElo "2362"]
[PlyCount "69"]
[EventDate "2012.03.27"]
[EventType "team-swiss"]
[EventRounds "9"]
[EventCountry "SLO"]
[SourceTitle "CBM 147 Extra"]
[Source "ChessBase"]
[SourceDate "2012.04.24"]
[SourceVersion "1"]
[SourceVersionDate "2012.04.24"]
[SourceQuality "1"]
[WhiteTeam "Vas (Seniors)"]
[BlackTeam "Italy (Seniors)"]
[WhiteTeamCountry "NED"]
[BlackTeamCountry "ITA"]

1. e4 c5 2. Nf3 d6 3. d4 cxd4 4. Nxd4 Nf6 5. f3 g6 6. c4 Bg7 7. Nc3 0-0 8. Be2 Nc6 9. Nc2 Bd7 10. 0-0 Qa5 11. Rb1 Rfc8 12. b4 Qd8 13. Ne3 Nh5 14. Ncd5 e6 15. g4 exd5 16. gxh5 Bh3 17. hxg6 hxg6 18. Nxd5 Bxf1 19. Bxf1 Ne5 20. Qb3 b5 21. c5 Rab8 22. f4 Nc4 23. a4 dxc5 24. axb5 Nb6 25. bxc5 Nxd5 26. Bc4 Nc3 27. Bxf7+ Kf8 28. Bxg6 Qd1+ 29. Qxd1 Nxd1 30. c6 Nc3 31. Ba3+ Kg8 32. Bd6 Rxb5 33. e5 Nxb1 34. Bxb1 Rxb1+ 35. Kf2 0-1

[Event "Tenerife op 22nd"]
[Site "Santa Cruz de Tenerife"]
[Date "2011.12.22"]
[Round "5"]
[White "Rodriguez Perez, Mauro"]
[Black "Tatai, Stefano"]
[Result "0-1"]
[WhiteElo "2001"]
[BlackElo "2367"]
[PlyCount "98"]
[EventDate "2011.12.18"]
[EventType "swiss"]
[EventRounds "9"]
[EventCountry "ESP"]
[SourceTitle "CBM 146 Extra"]
[Source "ChessBase"]
[SourceDate "2012.02.29"]
[SourceVersion "1"]
[SourceVersionDate "2012.02.29"]
[SourceQuality "1"]

1. d4 Nf6 2. c4 a6 3. Nc3 c5 4. d5 e6 5. e4 d6 6. Bd3 exd5 7. exd5 Bg4 8. Qc2 Be7 9. h3 Bd7 10. a4 a5 11. Nge2 Na6 12. Na2 0-0 13. 0-0 Re8 14. b3 Bf8 15. Ng3 g6 16. Bb2 Bg7 17. Rfe1 Rxe1+ 18. Rxe1 Qf8 19. Bc3 Nb4 20. Nxb4 axb4 21. Bb2 Re8 22. Ne4 Nxe4 23. Bxg7 Qxg7 24. Rxe4 Rxe4 25. Bxe4 Qa1+ 26. Kh2 Qe5+ 27. Kg1 f5 28. Bd3 f4 29. Qe2 Qxe2 30. Bxe2 Bf5 31. Bd1 Bd3 32. g4 g5 33. h4 h6 34. hxg5 hxg5 35. f3 Kg7 36. Kf2 Kf6 37. Ke1 Ke5 38. Kd2 Kd4 39. a5 Bxc4 40. bxc4 Kxc4 41. Bc2 Kb5 42. Bf5 Kxa5 43. Bd7 c4 44. Kc2 b5 45. Bf5 Kb6 46. Bd7 Kc5 47. Bc6 b3+ 48. Kc3 b4+ 49. Kb2 Kd4 0-1

[Event "EU-chT Seniors"]
[Site "Thessaloniki"]
[Date "2011.05.11"]
[Round "9"]
[White "Tatai, Stefano"]
[Black "Tseitlin, Mark D"]
[Result "1-0"]
[WhiteElo "2361"]
[BlackElo "2419"]
[PlyCount "31"]
[EventDate "2011.05.03"]
[EventType "team-swiss"]
[EventRounds "9"]
[EventCountry "GRE"]
[SourceTitle "CBM 142 Extra"]
[Source "ChessBase"]
[SourceDate "2011.06.27"]
[SourceVersion "1"]
[SourceVersionDate "2011.06.27"]
[SourceQuality "1"]
[WhiteTeam "Italy"]
[BlackTeam "Israel"]
[WhiteTeamCountry "ITA"]
[BlackTeamCountry "ISR"]

1. e4 c5 2. Nf3 d6 3. d4 cxd4 4. Nxd4 Nf6 5. Nc3 a6 6. Bg5 Nbd7 7. Bc4 Qa5 8. Qd2 e6 9. 0-0-0 b5 10. Bd5 exd5 11. Nc6 Qc7 12. exd5 Ne5 13. Rhe1 Kd7 14. Qf4 Nfg4 15. Nxe5+ Nxe5 16. Rxe5 1-0